000 00569nam a2200217Ia 4500
008 131103s9999 xx 000 0 und d
020 _a035611175x
040 _aLoreto College
041 _aEnglish
082 _aREF/KIN
_bLCBED/9780
100 _aKincaid, Doug
245 _aFuels and energy
_cDoug Kincaid & Peter Coles
260 _aLondon
_bMacdonald Educational
_c[19?]
300 _a31p.
_b pic.
_c 23cm.
440 _aMy first library
504 _aIncludes index
650 _aREF
700 _aColes, Peter
850 _aLCBED/REF/KIN
942 _cBK
999 _c33406
_d83885